00546cam a22002171 4500001001300000003000400013005001700017008004100034010001700075035002000092040001800112042001200130050001800142100002900160245002000189260001000209300001900219500001500238600005800253999001700311ne 66001845 DLC20260227111827.0881028s1965 xx 000 0 ara  ane 66001845  a(OCoLC)23500199 aDLCcMiUdDLC apremarc00aPJ7846.A9bZ71 aNāṣif, Muṣṭafá10aRamz al-ṭifl. c1965. a328 p.c20 cm. aRomanized.10aMāzinī, Ibrāhīm ʻAbd al-Qādir,d1889-1949. c49186d49186